Ukraine (Record no. 5918)

MARC details
000 -LEADER
fixed length control field 00569nam a22002057i 4500
001 - CONTROL NUMBER
control field 6323
003 - CONTROL NUMBER IDENTIFIER
control field OSt
005 - DATE AND TIME OF LATEST TRANSACTION
control field 20181024181335.0
007 - PHYSICAL DESCRIPTION FIXED FIELD--GENERAL INFORMATION
fixed length control field tu
008 - FIXED-LENGTH DATA ELEMENTS--GENERAL INFORMATION
fixed length control field 161220s2003 xxu||||| |||| 00| 0 d
020 ## - INTERNATIONAL STANDARD BOOK NUMBER
International Standard Book Number 9211168635
024 7# - OTHER STANDARD IDENTIFIER
Standard number or code 6323
Source of number or code RID
024 7# - OTHER STANDARD IDENTIFIER
Standard number or code 6323
Source of number or code RSN (alt)
040 ## - CATALOGING SOURCE
Transcribing agency OSt
110 2# - MAIN ENTRY--CORPORATE NAME
Corporate name or jurisdiction name as entry element United Nations Economic Commission for Europe
245 00 - TITLE STATEMENT
Title Ukraine
Remainder of title Towards a Knowledge-Based Economy
260 ## - PUBLICATION, DISTRIBUTION, ETC.
Place of publication, distribution, etc. New York, Geneva :
Name of publisher, distributor, etc. United Nations Publications,
Date of publication, distribution, etc. 2003.
490 ## - SERIES STATEMENT
Series statement Country Readiness Assessment Report
Volume/sequential designation ECE/TRADE/311/14
942 ## - ADDED ENTRY ELEMENTS (KOHA)
Koha item type Paper
Holdings
Withdrawn status Lost status Damaged status Not for loan Home library Current library Shelving location Date acquired Inventory number Total Checkouts Barcode Date last seen Price effective from Koha item type
        WIIW WIIW Library 08/04/2004 6323   10001816 01/26/2017 01/26/2017 Paper
The Vienna Instiute for International Economic Studies (wiiw)